000 00729nam a22002177a 4500
003 OSt
005 20251127140544.0
008 251127b |||||||| |||| 00| 0 eng d
020 _a13 : 978-0-07-14075-9.
040 _aDWCL-Main lib
_cOC
082 _aCirc. 621.319 K97p 2007
100 _aKusko, Alexander
245 _aPower quality in electrical systems
_cKusko, Alexander
260 _aN. Y. :
_bMcGraw-Hill Companies, Inc.,
_cc2007.
300 _axi, 225 pages :
_billustration ;
_c23 cm.
504 _aIncludes bibliographical references and index.
650 _21. Electric power distribution.
650 _22. Electric power systems-Electric losses.
700 _aThompson, Marc T.
942 _2ddc
_cBK-CIRC
_kCirc.
_n0
999 _c6472
_d6472